[Event "DEM U16w 2018"]
[Site "Willingen GER"]
[Date "2018.05.23"]
[Round "6"]
[White "Wong, Kar Yan"]
[Black "Berelowitsch, Dana"]
[Result "1-0"]
[Termination "normal"]
[Board "6"]
[WhiteElo "1746"]
[BlackElo "1698"]
[WhiteClock "00:49:35"]
[BlackClock "00:27:16"]
[PlyCount "55"]
[WhiteFideId "12971855"]
[BlackFideId "12977144"]
[EventCountry "GER"]
[EventRounds "9"]
[EventType "swiss"]
[EventDate "2018.05.19"]

1. e4 {[%clk 1:30:58]} 1... c5 {[%clk 1:30:55]} 2. Nf3 {[%clk 1:31:26]} 2... g6
{[%clk 1:31:17]} 3. d4 {[%clk 1:31:53]} 3... cxd4 {[%clk 1:31:42]} 4. Nxd4 {
[%clk 1:32:21]} 4... Bg7 {[%clk 1:32:06]} 5. Nc3 {[%clk 1:32:45]} 5... Nc6 {
[%clk 1:32:29]} 6. Be3 {[%clk 1:33:12]} 6... Nf6 {[%clk 1:32:46]} 7. f3 { [%clk
1:33:22]} 7... O-O {[%clk 1:29:50]} 8. Bc4 {[%clk 1:32:33]} 8... Qb6 { [%clk
1:29:47]} 9. a3 {[%clk 1:30:25]} 9... Nxe4 {[%clk 1:26:29]} 10. Nd5 { [%clk
1:27:21]} 10... Qc5 {[%clk 1:05:59]} 11. Nxc6 {[%clk 1:25:59]} 11... Qxc4
{[%clk 1:03:48]} 12. Ncxe7+ {[%clk 1:25:18]} 12... Kh8 {[%clk 1:04:10]} 13.
fxe4 {[%clk 1:25:38]} 13... Qxe4 {[%clk 1:00:01]} 14. O-O {[%clk 1:25:38]}
14... Re8 {[%clk 0:55:53]} 15. Qf3 {[%clk 1:16:45]} 15... Rxe7 {[%clk 0:50:49]}
16. Nxe7 {[%clk 1:17:07]} 16... Qxe7 {[%clk 0:51:09]} 17. Rae1 {[%clk 1:17:24]}
17... d5 {[%clk 0:46:09]} 18. Qxf7 {[%clk 1:11:59]} 18... Qxf7 {[%clk 0:44:24]}
19. Rxf7 {[%clk 1:11:51]} 19... Bf5 {[%clk 0:42:22]} 20. c3 {[%clk 1:11:50]}
20... b6 {[%clk 0:41:19]} 21. Bg5 {[%clk 1:01:52]} 21... d4 {[%clk 0:37:34]}
22. Bf6 {[%clk 0:52:52]} 22... Bxf6 {[%clk 0:37:23]} 23. Rxf6 {[%clk 0:53:18]}
23... d3 {[%clk 0:35:49]} 24. Rd6 {[%clk 0:53:42]} 24... Kg7 {[%clk 0:30:59]}
25. Re7+ {[%clk 0:53:00]} 25... Kh6 {[%clk 0:30:35]} 26. h3 {[%clk 0:53:22]}
26... Rf8 {[%clk 0:27:08]} 27. g4 {[%clk 0:53:26]} 27... Bc8 {[%clk 0:27:16]}
28. Rd5 {[%clk 0:49:35]} 1-0

[Event "DEM U16w 2018"]
[Site "Willingen GER"]
[Date "2018.05.23"]
[Round "6"]
[White "Voß, Henrike"]
[Black "Ehmann, Johanna"]
[Result "0-1"]
[Termination "normal"]
[Board "7"]
[WhiteElo "1577"]
[BlackElo "1899"]
[WhiteClock "00:05:47"]
[BlackClock "00:14:40"]
[PlyCount "120"]
[WhiteFideId "12971910"]
[BlackFideId "12953130"]
[EventCountry "GER"]
[EventRounds "9"]
[EventType "swiss"]
[EventDate "2018.05.19"]

1. e4 {[%clk 1:30:57]} 1... e5 {[%clk 1:30:53]} 2. Nf3 {[%clk 1:31:15]} 2...
Nc6 {[%clk 1:31:14]} 3. Bc4 {[%clk 1:31:34]} 3... Bc5 {[%clk 1:31:31]} 4. c3 {
[%clk 1:31:57]} 4... Nf6 {[%clk 1:31:41]} 5. d3 {[%clk 1:32:15]} 5... a6 {
[%clk 1:31:55]} 6. O-O {[%clk 1:32:26]} 6... Ba7 {[%clk 1:31:34]} 7. Nbd2 {
[%clk 1:32:02]} 7... O-O {[%clk 1:31:24]} 8. Bb3 {[%clk 1:32:03]} 8... d6 {
[%clk 1:31:16]} 9. h3 {[%clk 1:32:15]} 9... Be6 {[%clk 1:31:04]} 10. Re1 {
[%clk 1:32:32]} 10... Qd7 {[%clk 1:30:54]} 11. Nf1 {[%clk 1:32:28]} 11... Ne7 {
[%clk 1:30:41]} 12. Ng3 {[%clk 1:32:10]} 12... Ng6 {[%clk 1:30:15]} 13. Bg5 {
[%clk 1:29:43]} 13... Ne8 {[%clk 1:21:17]} 14. d4 {[%clk 1:24:56]} 14... f6 {
[%clk 1:05:58]} 15. Be3 {[%clk 1:13:18]} 15... Qc8 {[%clk 1:01:35]} 16. Nf5 {
[%clk 1:10:07]} 16... Kh8 {[%clk 1:00:00]} 17. N3h4 {[%clk 1:06:33]} 17... Nxh4
{[%clk 0:56:05]} 18. Nxh4 {[%clk 1:06:31]} 18... Bxb3 {[%clk 0:53:28]} 19. Qxb3
{[%clk 1:06:09]} 19... c6 {[%clk 0:51:03]} 20. Nf5 {[%clk 1:04:52]} 20... d5 {
[%clk 0:44:40]} 21. f3 {[%clk 0:42:48]} 21... Qd7 {[%clk 0:33:47]} 22. Kf2 {
[%clk 0:35:59]} 22... Rb8 {[%clk 0:26:01]} 23. Rad1 {[%clk 0:32:39]} 23... Nc7
{[%clk 0:18:22]} 24. dxe5 {[%clk 0:24:55]} 24... Bxe3+ {[%clk 0:16:09]} 25.
Nxe3 {[%clk 0:24:22]} 25... fxe5 {[%clk 0:14:19]} 26. exd5 {[%clk 0:23:59]}
26... e4 {[%clk 0:13:24]} 27. dxc6 {[%clk 0:15:08]} 27... Qxc6 {[%clk 0:13:46]}
28. Qc4 {[%clk 0:15:33]} 28... exf3 {[%clk 0:11:55]} 29. Qxc6 {[%clk 0:15:53]}
29... bxc6 {[%clk 0:11:49]} 30. b3 {[%clk 0:15:31]} 30... fxg2+ {[%clk 0:11:34]
} 31. Kxg2 {[%clk 0:15:51]} 31... Rbd8 {[%clk 0:10:32]} 32. c4 {[%clk 0:11:24]}
32... Ne6 {[%clk 0:08:36]} 33. Rxd8 {[%clk 0:09:00]} 33... Rxd8 {[%clk 0:06:16]
} 34. Rd1 {[%clk 0:08:40]} 34... Rxd1 {[%clk 0:06:27]} 35. Nxd1 {[%clk 0:09:06]
} 35... Kg8 {[%clk 0:05:22]} 36. Kf3 {[%clk 0:07:39]} 36... Kf7 {[%clk 0:05:20]
} 37. Nc3 {[%clk 0:07:12]} 37... Kf6 {[%clk 0:05:00]} 38. Ne4+ {[%clk 0:03:46]}
38... Ke5 {[%clk 0:05:04]} 39. Ke3 {[%clk 0:02:23]} 39... h6 {[%clk 0:03:54]}
40. b4 {[%clk 0:00:41]} 40... Nd4 {[%clk 0:02:21]} 41. Nc5 {[%clk 0:28:42]}
41... Nc2+ {[%clk 0:27:31]} 42. Kd2 {[%clk 0:29:06]} 42... Nxb4 {[%clk 0:25:13]
} 43. a3 {[%clk 0:29:30]} 43... Na2 {[%clk 0:24:16]} 44. Nxa6 {[%clk 0:24:07]}
44... Kd4 {[%clk 0:23:40]} 45. Nb8 {[%clk 0:20:53]} 45... c5 {[%clk 0:22:25]}
46. Nd7 {[%clk 0:14:03]} 46... Kxc4 {[%clk 0:21:21]} 47. Nxc5 {[%clk 0:10:31]}
47... Kxc5 {[%clk 0:21:15]} 48. Ke3 {[%clk 0:10:51]} 48... Nc3 {[%clk 0:19:01]}
49. Kf4 {[%clk 0:09:29]} 49... Kd6 {[%clk 0:16:29]} 50. Kf5 {[%clk 0:08:32]}
50... Ke7 {[%clk 0:16:22]} 51. Kg6 {[%clk 0:06:56]} 51... Kf8 {[%clk 0:14:56]}
52. h4 {[%clk 0:06:01]} 52... Kg8 {[%clk 0:14:56]} 53. Kf5 {[%clk 0:05:33]}
53... Kf7 {[%clk 0:15:02]} 54. h5 {[%clk 0:05:53]} 54... Ke7 {[%clk 0:14:51]}
55. Ke5 {[%clk 0:06:08]} 55... Kf7 {[%clk 0:14:53]} 56. Kf5 {[%clk 0:06:33]}
56... Na4 {[%clk 0:14:14]} 57. Ke4 {[%clk 0:05:52]} 57... Ke6 {[%clk 0:13:46]}
58. Kf4 {[%clk 0:05:56]} 58... Kf6 {[%clk 0:14:02]} 59. Kg4 {[%clk 0:06:07]}
59... Ke5 {[%clk 0:14:19]} 60. Kg3 {[%clk 0:05:47]} 60... Kf5 {[%clk 0:14:40]}
0-1

[Event "DEM U16w 2018"]
[Site "Willingen GER"]
[Date "2018.05.23"]
[Round "6"]
[White "Naumenko, Valerija"]
[Black "Kühne, Maria"]
[Result "1-0"]
[Termination "normal"]
[Board "8"]
[WhiteElo "1611"]
[BlackElo "1614"]
[WhiteClock "00:04:46"]
[BlackClock "00:01:12"]
[PlyCount "80"]
[WhiteFideId "16222890"]
[BlackFideId "12997412"]
[EventCountry "GER"]
[EventRounds "9"]
[EventType "swiss"]
[EventDate "2018.05.19"]

1. e4 {[%clk 1:30:58]} 1... b6 {[%clk 1:30:57]} 2. d4 {[%clk 1:31:23]} 2... Bb7
{[%clk 1:31:23]} 3. Bd3 {[%clk 1:31:45]} 3... Nf6 {[%clk 1:31:45]} 4. Qe2 {
[%clk 1:32:06]} 4... e6 {[%clk 1:31:42]} 5. Nf3 {[%clk 1:32:03]} 5... d5 {
[%clk 1:29:23]} 6. e5 {[%clk 1:29:57]} 6... Nfd7 {[%clk 1:29:04]} 7. O-O {
[%clk 1:30:03]} 7... c5 {[%clk 1:28:58]} 8. c3 {[%clk 1:30:26]} 8... Nc6 {
[%clk 1:28:42]} 9. a3 {[%clk 1:25:56]} 9... Be7 {[%clk 1:27:47]} 10. Be3 {
[%clk 1:25:48]} 10... Rc8 {[%clk 1:24:05]} 11. Nbd2 {[%clk 1:25:28]} 11... O-O
{[%clk 1:21:34]} 12. b4 {[%clk 1:12:40]} 12... c4 {[%clk 1:05:53]} 13. Bc2 {
[%clk 1:13:01]} 13... f5 {[%clk 1:04:55]} 14. g3 {[%clk 1:07:31]} 14... g5 {
[%clk 0:51:27]} 15. Nb1 {[%clk 1:07:26]} 15... Kh8 {[%clk 0:44:23]} 16. a4 {
[%clk 1:04:33]} 16... Rg8 {[%clk 0:43:18]} 17. Ne1 {[%clk 1:03:12]} 17... Qe8 {
[%clk 0:41:36]} 18. Bd1 {[%clk 0:53:59]} 18... Rg6 {[%clk 0:26:24]} 19. a5 {
[%clk 0:46:15]} 19... bxa5 {[%clk 0:24:32]} 20. b5 {[%clk 0:43:16]} 20... Ncb8
{[%clk 0:24:16]} 21. Rxa5 {[%clk 0:43:28]} 21... a6 {[%clk 0:21:33]} 22. bxa6 {
[%clk 0:40:25]} 22... Nxa6 {[%clk 0:21:37]} 23. Qb2 {[%clk 0:40:26]} 23... Rb8
{[%clk 0:21:31]} 24. Bh5 {[%clk 0:38:02]} 24... Qd8 {[%clk 0:20:57]} 25. Rb5 {
[%clk 0:38:23]} 25... Rh6 {[%clk 0:19:59]} 26. Rxb7 {[%clk 0:38:47]} 26... Rxh5
{[%clk 0:20:22]} 27. Rxb8 {[%clk 0:38:39]} 27... Naxb8 {[%clk 0:19:28]} 28. Bc1
{[%clk 0:37:22]} 28... Rh6 {[%clk 0:17:18]} 29. Qb5 {[%clk 0:35:21]} 29... Rg6
{[%clk 0:16:29]} 30. Ba3 {[%clk 0:35:32]} 30... Rg8 {[%clk 0:14:02]} 31. Nc2 {
[%clk 0:35:46]} 31... Bxa3 {[%clk 0:13:18]} 32. Nbxa3 {[%clk 0:36:06]} 32...
Qc7 {[%clk 0:12:42]} 33. Nb4 {[%clk 0:35:31]} 33... Nb6 {[%clk 0:11:14]} 34.
Nac2 {[%clk 0:19:24]} 34... N8d7 {[%clk 0:07:38]} 35. Ra1 {[%clk 0:19:06]}
35... Qd8 {[%clk 0:04:52]} 36. Nc6 {[%clk 0:08:23]} 36... Qe8 {[%clk 0:05:11]}
37. Na7 {[%clk 0:04:51]} 37... Nc8 {[%clk 0:04:21]} 38. Qc6 {[%clk 0:04:44]}
38... Nxa7 {[%clk 0:04:30]} 39. Rxa7 {[%clk 0:05:00]} 39... Nf6 {[%clk 0:01:12]
} 40. Qc7 {[%clk 0:04:46]} 40... Qf8 1-0

[Event "DEM U16w 2018"]
[Site "Willingen GER"]
[Date "2018.05.23"]
[Round "6"]
[White "Gauchel, Verena"]
[Black "Schiewe, Nadin"]
[Result "1/2-1/2"]
[Termination "normal"]
[Board "10"]
[WhiteElo "1502"]
[BlackElo "1598"]
[WhiteClock "00:02:07"]
[BlackClock "00:12:12"]
[PlyCount "161"]
[WhiteFideId "12988537"]
[BlackFideId "16209079"]
[EventCountry "GER"]
[EventRounds "9"]
[EventType "swiss"]
[EventDate "2018.05.19"]

1. d4 {[%clk 1:30:59]} 1... b6 {[%clk 1:30:50]} 2. c4 {[%clk 1:30:41]} 2... e6
{[%clk 1:30:57]} 3. Nc3 {[%clk 1:29:40]} 3... Bb7 {[%clk 1:30:17]} 4. Bf4 {
[%clk 1:29:10]} 4... Bb4 {[%clk 1:29:34]} 5. e3 {[%clk 1:25:32]} 5... Nf6 {
[%clk 1:29:15]} 6. Nf3 {[%clk 1:24:09]} 6... Ne4 {[%clk 1:27:04]} 7. Qc2 {
[%clk 1:22:43]} 7... O-O {[%clk 1:25:17]} 8. Bd3 {[%clk 1:20:39]} 8... Bxc3+ {
[%clk 1:23:02]} 9. bxc3 {[%clk 1:20:58]} 9... d5 {[%clk 1:23:15]} 10. cxd5 {
[%clk 1:17:07]} 10... exd5 {[%clk 1:23:34]} 11. c4 {[%clk 1:14:14]} 11... Na6 {
[%clk 1:14:47]} 12. a3 {[%clk 1:10:56]} 12... c5 {[%clk 1:12:03]} 13. O-O {
[%clk 1:07:55]} 13... Re8 {[%clk 1:09:40]} 14. Rfd1 {[%clk 0:59:44]} 14... Rc8
{[%clk 1:03:35]} 15. Qb3 {[%clk 0:52:16]} 15... dxc4 {[%clk 0:51:14]} 16. Bxc4
{[%clk 0:48:52]} 16... Qf6 {[%clk 0:48:12]} 17. Ne5 {[%clk 0:39:39]} 17... Nd6
{[%clk 0:38:36]} 18. Ng4 {[%clk 0:31:02]} 18... Qg6 {[%clk 0:36:55]} 19. Bxd6 {
[%clk 0:27:18]} 19... Qxg4 {[%clk 0:36:50]} 20. Bxf7+ {[%clk 0:26:25]} 20...
Kh8 {[%clk 0:37:13]} 21. Bg3 {[%clk 0:25:35]} 21... Qe4 {[%clk 0:35:56]} 22. d5
{[%clk 0:22:47]} 22... Re7 {[%clk 0:32:44]} 23. Bh5 {[%clk 0:21:41]} 23... c4 {
[%clk 0:30:05]} 24. Qc3 {[%clk 0:19:59]} 24... Qf5 {[%clk 0:26:49]} 25. Bf3 {
[%clk 0:19:36]} 25... Rd7 {[%clk 0:26:08]} 26. e4 {[%clk 0:19:22]} 26... Qg6 {
[%clk 0:23:15]} 27. h3 {[%clk 0:18:47]} 27... Re8 {[%clk 0:21:06]} 28. Qxc4 {
[%clk 0:17:30]} 28... Nc5 {[%clk 0:21:07]} 29. Re1 {[%clk 0:15:46]} 29... Ba6 {
[%clk 0:20:26]} 30. Qc2 {[%clk 0:11:54]} 30... Bd3 {[%clk 0:19:57]} 31. Qc3 {
[%clk 0:10:44]} 31... Bxe4 {[%clk 0:19:01]} 32. Bxe4 {[%clk 0:07:43]} 32...
Nxe4 {[%clk 0:16:22]} 33. Qc6 {[%clk 0:06:59]} 33... Qf7 {[%clk 0:12:22]} 34.
Rad1 {[%clk 0:04:15]} 34... Nxg3 {[%clk 0:12:08]} 35. Rxe8+ {[%clk 0:03:58]}
35... Qxe8 {[%clk 0:12:33]} 36. fxg3 {[%clk 0:04:21]} 36... Rd8 {[%clk 0:10:33]
} 37. Qxe8+ {[%clk 0:03:48]} 37... Rxe8 {[%clk 0:10:55]} 38. Rc1 { [%clk
0:03:58]} 38... Rd8 {[%clk 0:10:23]} 39. Rc7 {[%clk 0:02:57]} 39... Kg8 { [%clk
0:10:16]} 40. Rxa7 {[%clk 0:02:43]} 40... Rxd5 {[%clk 0:10:29]} 41. Kf2 { [%clk
0:01:18]} 41... h6 {[%clk 0:05:52]} 42. Ke3 {[%clk 0:28:35]} 42... Kh7 { [%clk
0:35:19]} 43. Ra6 {[%clk 0:28:00]} 43... b5 {[%clk 0:34:24]} 44. Ra5 { [%clk
0:28:12]} 44... Re5+ {[%clk 0:32:05]} 45. Kf2 {[%clk 0:25:32]} 45... Rf5+
{[%clk 0:30:53]} 46. Kg1 {[%clk 0:25:24]} 46... Kg6 {[%clk 0:28:35]} 47. g4 {
[%clk 0:23:23]} 47... Rc5 {[%clk 0:27:36]} 48. Kh2 {[%clk 0:22:55]} 48... Rg5 {
[%clk 0:27:08]} 49. g3 {[%clk 0:21:02]} 49... Rc5 {[%clk 0:25:39]} 50. h4 {
[%clk 0:20:38]} 50... Kf6 {[%clk 0:25:21]} 51. Kh3 {[%clk 0:20:19]} 51... Re5 {
[%clk 0:25:05]} 52. Kg2 {[%clk 0:16:54]} 52... Ke6 {[%clk 0:22:50]} 53. Kf3 {
[%clk 0:15:50]} 53... Kf6 {[%clk 0:20:37]} 54. Kf4 {[%clk 0:15:30]} 54... g5+ {
[%clk 0:19:06]} 55. Kf3 {[%clk 0:14:49]} 55... Rc5 {[%clk 0:18:48]} 56. Ra6+ {
[%clk 0:13:39]} 56... Kg7 {[%clk 0:18:52]} 57. Re6 {[%clk 0:13:13]} 57... Rc3+
{[%clk 0:17:10]} 58. Re3 {[%clk 0:12:48]} 58... Rc6 {[%clk 0:16:13]} 59. Rb3 {
[%clk 0:12:29]} 59... Rc5 {[%clk 0:16:12]} 60. Ke3 {[%clk 0:11:43]} 60... Kf6 {
[%clk 0:16:02]} 61. Kd3 {[%clk 0:11:26]} 61... Ke5 {[%clk 0:14:45]} 62. Rb4 {
[%clk 0:10:59]} 62... Rd5+ {[%clk 0:14:06]} 63. Ke3 {[%clk 0:11:14]} 63... Rc5
{[%clk 0:13:11]} 64. Re4+ {[%clk 0:10:40]} 64... Kd5 {[%clk 0:13:09]} 65. Rd4+
{[%clk 0:09:43]} 65... Ke5 {[%clk 0:13:23]} 66. Kd3 {[%clk 0:09:57]} 66... Rd5
{[%clk 0:11:16]} 67. Rxd5+ {[%clk 0:09:51]} 67... Kxd5 {[%clk 0:11:41]} 68.
hxg5 {[%clk 0:07:21]} 68... hxg5 {[%clk 0:12:01]} 69. Kc3 {[%clk 0:07:21]}
69... Kc5 {[%clk 0:12:06]} 70. Kb3 {[%clk 0:07:08]} 70... Kc6 {[%clk 0:11:59]}
71. Kb4 {[%clk 0:06:59]} 71... Kb6 {[%clk 0:12:15]} 72. Kb3 {[%clk 0:06:35]}
72... Kc6 {[%clk 0:12:26]} 73. Kc2 {[%clk 0:06:46]} 73... Kc7 {[%clk 0:10:46]}
74. Kd3 {[%clk 0:06:47]} 74... Kd7 {[%clk 0:10:42]} 75. Ke3 {[%clk 0:06:42]}
75... Ke7 {[%clk 0:10:31]} 76. Kd2 {[%clk 0:06:47]} 76... Kd6 {[%clk 0:10:43]}
77. Ke3 {[%clk 0:06:02]} 77... Ke5 {[%clk 0:11:06]} 78. Kd3 {[%clk 0:06:25]}
78... Kd5 {[%clk 0:11:31]} 79. Kc3 {[%clk 0:06:30]} 79... Kc5 {[%clk 0:11:52]}
80. Kb3 {[%clk 0:05:05]} 80... Kc6 {[%clk 0:12:12]} 81. Kb4 {[%clk 0:02:07]}
1/2-1/2

[Event "DEM U16w 2018"]
[Site "Willingen GER"]
[Date "2018.05.24"]
[Round "7"]
[White "Schulze, Lara"]
[Black "Fock, Amina"]
[Result "1-0"]
[Termination "normal"]
[Board "1"]
[WhiteTitle "WFM"]
[WhiteElo "2184"]
[BlackElo "1789"]
[WhiteClock "00:02:56"]
[BlackClock "00:01:02"]
[PlyCount "69"]
[WhiteFideId "12956830"]
[BlackFideId "12981982"]
[EventCountry "GER"]
[EventRounds "9"]
[EventType "swiss"]
[EventDate "2018.05.19"]

1. e4 {[%clk 1:30:58]} 1... d5 {[%clk 1:30:55]} 2. exd5 {[%clk 1:31:24]} 2...
Qxd5 {[%clk 1:31:19]} 3. Nc3 {[%clk 1:31:46]} 3... Qd6 {[%clk 1:31:43]} 4. d4 {
[%clk 1:32:01]} 4... Nf6 {[%clk 1:32:05]} 5. Nf3 {[%clk 1:32:19]} 5... g6 {
[%clk 1:32:24]} 6. Nb5 {[%clk 1:28:59]} 6... Qb6 {[%clk 1:31:52]} 7. c4 { [%clk
1:28:26]} 7... c6 {[%clk 1:31:22]} 8. Nc3 {[%clk 1:28:19]} 8... Bg7 { [%clk
1:29:45]} 9. h3 {[%clk 1:25:31]} 9... O-O {[%clk 1:26:14]} 10. Be2 { [%clk
1:21:16]} 10... Rd8 {[%clk 1:19:54]} 11. O-O {[%clk 1:17:34]} 11... Qc7 { [%clk
1:10:31]} 12. Be3 {[%clk 1:09:34]} 12... Nbd7 {[%clk 1:06:43]} 13. Rc1 { [%clk
1:03:39]} 13... e5 {[%clk 1:02:35]} 14. d5 {[%clk 1:02:08]} 14... Nb6 { [%clk
1:02:22]} 15. Qb3 {[%clk 0:59:47]} 15... Bf5 {[%clk 0:46:30]} 16. g4 { [%clk
0:46:33]} 16... Bd7 {[%clk 0:38:11]} 17. d6 {[%clk 0:40:50]} 17... Qb8 { [%clk
0:34:28]} 18. c5 {[%clk 0:35:20]} 18... Be6 {[%clk 0:33:43]} 19. Qc2 { [%clk
0:31:01]} 19... Nbd7 {[%clk 0:33:55]} 20. Ng5 {[%clk 0:29:18]} 20... Bd5 {[%clk
0:32:13]} 21. f4 {[%clk 0:27:31]} 21... h6 {[%clk 0:28:02]} 22. Nf3 { [%clk
0:25:44]} 22... exf4 {[%clk 0:25:38]} 23. Bxf4 {[%clk 0:21:39]} 23... Nxc5
{[%clk 0:23:47]} 24. g5 {[%clk 0:13:46]} 24... hxg5 {[%clk 0:19:50]} 25. Nxg5
{[%clk 0:11:50]} 25... Ncd7 {[%clk 0:19:54]} 26. Bh2 {[%clk 0:07:17]} 26... Rf8
{[%clk 0:17:53]} 27. Nxd5 {[%clk 0:06:05]} 27... Nxd5 {[%clk 0:17:59] } 28. Bc4
{[%clk 0:04:01]} 28... Be5 {[%clk 0:15:09]} 29. Bxe5 {[%clk 0:03:16]} 29...
Nxe5 {[%clk 0:15:29]} 30. Qe4 {[%clk 0:02:17]} 30... f6 {[%clk 0:02:53]} 31.
Bxd5+ {[%clk 0:02:29]} 31... cxd5 {[%clk 0:03:15]} 32. Qxd5+ { [%clk 0:02:48]}
32... Kh8 {[%clk 0:03:05]} 33. Rc7 {[%clk 0:02:20]} 33... Nf7 { [%clk 0:00:44]}
34. Nxf7+ {[%clk 0:02:37]} 34... Rxf7 {[%clk 0:01:02]} 35. Qxf7 {[%clk
0:02:56]} 1-0

[Event "DEM U16w 2018"]
[Site "Willingen GER"]
[Date "2018.05.24"]
[Round "7"]
[White "Reitz, Theresa"]
[Black "Kobald, Jacqueline"]
[Result "0-1"]
[Termination "normal"]
[Board "2"]
[WhiteElo "1772"]
[BlackElo "1692"]
[WhiteClock "00:00:33"]
[BlackClock "00:02:32"]
[PlyCount "79"]
[WhiteFideId "12971901"]
[BlackFideId "12988162"]
[EventCountry "GER"]
[EventRounds "9"]
[EventType "swiss"]
[EventDate "2018.05.19"]

1. e4 {[%clk 1:30:56]} 1... c5 {[%clk 1:30:54]} 2. Nf3 {[%clk 1:31:18]} 2... e6
{[%clk 1:30:58]} 3. g3 {[%clk 1:31:35]} 3... g6 {[%clk 1:27:46]} 4. d4 { [%clk
1:30:46]} 4... cxd4 {[%clk 1:27:59]} 5. Qxd4 {[%clk 1:19:13]} 5... Qf6 { [%clk
1:27:02]} 6. Bg2 {[%clk 1:06:59]} 6... Bg7 {[%clk 1:09:56]} 7. Qxf6 { [%clk
1:03:58]} 7... Nxf6 {[%clk 1:10:00]} 8. Nd4 {[%clk 0:54:16]} 8... a6 { [%clk
1:05:58]} 9. e5 {[%clk 0:53:27]} 9... Ng4 {[%clk 0:51:02]} 10. f4 { [%clk
0:53:34]} 10... d6 {[%clk 0:51:20]} 11. h3 {[%clk 0:40:17]} 11... dxe5 { [%clk
0:40:51]} 12. Nf3 {[%clk 0:39:56]} 12... e4 {[%clk 0:34:45]} 13. Ng5 { [%clk
0:39:23]} 13... Nf6 {[%clk 0:34:15]} 14. Nc3 {[%clk 0:38:22]} 14... Nc6 { [%clk
0:32:38]} 15. Bd2 {[%clk 0:33:55]} 15... O-O {[%clk 0:28:38]} 16. O-O-O { [%clk
0:30:06]} 16... b5 {[%clk 0:23:29]} 17. Ncxe4 {[%clk 0:27:38]} 17... Nd5 {[%clk
0:22:04]} 18. Nd6 {[%clk 0:23:50]} 18... Bd7 {[%clk 0:22:04]} 19. Rhe1 { [%clk
0:18:26]} 19... Rad8 {[%clk 0:18:53]} 20. Nb7 {[%clk 0:18:01]} 20... Rb8 {[%clk
0:19:00]} 21. Nc5 {[%clk 0:18:04]} 21... Rfd8 {[%clk 0:18:57]} 22. g4 { [%clk
0:11:54]} 22... h6 {[%clk 0:17:16]} 23. Nf3 {[%clk 0:08:19]} 23... b4 { [%clk
0:12:01]} 24. Ne5 {[%clk 0:05:11]} 24... Nxe5 {[%clk 0:08:21]} 25. Bxd5 { [%clk
0:02:36]} 25... exd5 {[%clk 0:07:34]} 26. fxe5 {[%clk 0:03:01]} 26... a5 {[%clk
0:05:59]} 27. Be3 {[%clk 0:01:46]} 27... Be6 {[%clk 0:05:37]} 28. Bd4 { [%clk
0:02:01]} 28... Rdc8 {[%clk 0:04:46]} 29. Rd3 {[%clk 0:01:13]} 29... Rb5 {[%clk
0:04:05]} 30. Na4 {[%clk 0:00:52]} 30... h5 {[%clk 0:03:08]} 31. gxh5 { [%clk
0:00:53]} 31... Bf5 {[%clk 0:02:41]} 32. Rd2 {[%clk 0:00:58]} 32... Bh6 { [%clk
0:02:45]} 33. Be3 {[%clk 0:01:17]} 33... Bxe3 {[%clk 0:02:59]} 34. Rxe3 { [%clk
0:01:42]} 34... d4 {[%clk 0:03:09]} 35. Re1 {[%clk 0:00:40]} 35... Rb7 { [%clk
0:02:09]} 36. hxg6 {[%clk 0:00:37]} 36... Bxg6 {[%clk 0:02:22]} 37. Rxd4 {[%clk
0:00:32]} 37... Rxc2+ {[%clk 0:02:39]} 38. Kd1 {[%clk 0:00:56]} 38... Rbc7
{[%clk 0:02:26]} 39. Nc3 {[%clk 0:00:32]} 39... bxc3 {[%clk 0:02:32]} 40. b3
{[%clk 0:00:33]} 0-1